A tale of two cities (Record no. 579)

MARC details
000 -LEADER
fixed length control field 00857nam a2200205 a 4500
005 - DATE AND TIME OF LATEST TRANSACTION
control field 20260322212025.0
008 - FIXED-LENGTH DATA ELEMENTS--GENERAL INFORMATION
fixed length control field data
099 ## - LOCAL FREE-TEXT CALL NUMBER (OCLC)
Classification number DICT
001 - CONTROL NUMBER
control field data
100 1# - MAIN ENTRY--PERSONAL NAME
Personal name Dickens, Charles,
Dates associated with a name 1812-1870.
245 12 - TITLE STATEMENT
Title A tale of two cities
Statement of responsibility, etc. Charles Dickens & Frederick Barnard.
260 ## - PUBLICATION, DISTRIBUTION, ETC.
Place of publication, distribution, etc. Boston
Name of publisher, distributor, etc. Books, Inc.
300 ## - PHYSICAL DESCRIPTION
Extent 176 p. :
Other physical details ill. ;
Dimensions 21 cm.
500 ## - GENERAL NOTE
General note In Library storage.
500 ## - GENERAL NOTE
General note Not dated. This edition contains all the copyright emendations made in the text as revised by the Author in 1867 and 1868. Cleartype edition.
520 ## - SUMMARY, ETC.
Summary, etc. The works of Charles Dickens, volume VI.
650 02 - SUBJECT ADDED ENTRY--TOPICAL TERM
Topical term or geographic name entry element France
General subdivision history
-- history
Form subdivision fiction
700 1# - ADDED ENTRY--PERSONAL NAME
Personal name Barnard, Frederick,
Dates associated with a name 1846-1896.
856 40 - ELECTRONIC LOCATION AND ACCESS
Uniform Resource Identifier <a href="https://openlibrary.org/works/OL8721465W/A_Tale_of_Two_Cities?edition=taleoftwocities00dick_9">https://openlibrary.org/works/OL8721465W/A_Tale_of_Two_Cities?edition=taleoftwocities00dick_9</a>
Link text Online access from the Open Library.
Public note Requires free sign up.
Holdings
Withdrawn status Lost status Damaged status Not for loan Home library Current library Shelving location Date acquired Total checkouts Full call number Barcode Date last seen Price effective from Koha item type
        Pleasant Valley Pleasant Valley General stacks 22/03/2026   GEN BC0010594 22/03/2026 22/03/2026 Books